Quizzes
Events
Quiz Creation
Community
Videos
Private Events
Remove Ads
Sign In
Join for FREE
Feedback
Dark Mode
Quiz Categories
Sports
Geography
Music
Movies
Television
Just For Fun
Miscellaneous
History
Literature
Language
Science
Gaming
Entertainment
Religion
Holiday
For Kids
Quiz Lab
Recent
Popular Today
Quiz Kudos Today
Editor Picks
Curator Picks
Quizzes by...
Day
Popularity
Type
Ratings
Length
Year
Community
Subscriptions
Recent Discussions
Orange Saloon
Badges
Playlists
Quests
Create
Leaderboards
Showdown
Live 5
Trivia Bingo
Activity
Puzzle Library
Sporcle Events
Private Events
Virtual Trivia
Globe League
Become a Host
Pub Owners
SporcleCon
Opinionation
Our Games
Videos
Blog
Mobile Apps
Partnerships
Remove Ads and Go Orange
Feedback
Geography
Country
Landmarks
City
State
Population
World
Capital
Continent
Flags
Europe
Africa
Asia
South America
North America
Oceania
Border
Canada
United Kingdom
Topography
United States
Geography
Country
Landmarks
City
State
Population
World
Capital
Continent
Flags
Europe
Africa
Asia
South America
North America
Oceania
Border
Canada
United Kingdom
Topography
United States
Random Quiz
Search Sporcle
×
Quiz Lab
Quiz Lab
Geography
Country
Type in answers that appear in a list
Type in answers that appear in a list
Classic
Best Score? Go Orange.
Top and Bottom 20 Countries: Cannabis Use (Prevalence rates) Stats
Can you name the top and bottom 20 countries for annual cannabis use?
By
paulio_ham
6m
40 Questions
391 Plays
391 Plays
391 Plays
Comments
Comments
Give Quiz Kudos
Give Quiz Kudos
-
- Ratings
hide this ad
More Info
Replay
Link that replays current quiz
Next Quiz
Link to next quiz in quiz playlist
You Got
0%
They Got
Avg Score
37%
Avg Friend Score
Upgrade to see
Score Distribution
Jump to the score distribution portion of the page
Score
0/40
Timer
06:00
0
Plays Today
Prevalence (%)
Country
% Correct
11
United States
96.9%
15
England & Wales
86.2%
5
Canada
85.4%
17
France
78.3%
10
Australia
77%
13
Spain
75.7%
16
Jamaica
67.8%
9
New Zealand
67%
193
Japan
58.1%
178
Brazil
58.1%
18
Switzerland
44%
6
Haiti
42.5%
8
Nigeria
40.9%
12
Morocco
38.1%
196
Singapore
33%
187
Vietnam
32.2%
3
Ghana
29.7%
192
Oman
28.1%
1
Papua New Guinea
27.6%
19
Guatemala
27.6%
Prevalence (%)
Country
% Correct
182
Laos
26.9%
14
Czech Republic
26.6%
183
Taiwan
26.3%
189
Fiji
25.6%
191
Qatar
24.8%
20
Madagascar
23%
186
Bahrain
23%
180
Chad
21.7%
194
Libya
20.7%
7
Sierra Leone
19.9%
177
Costa Rica
19.9%
2
Federated States of Micronesia
19.2%
4
Zambia
18.7%
195
Brunei
18.7%
181
Malta
18.2%
179
Romania
16.1%
184
Paraguay
15.9%
188
Tanzania
15.6%
190
Vanuatu
14.6%
185
Maldives
13.3%
Quiz Playlist
Details
Report
Send in Message
Add To Playlist
More Info:
Prevalence of cannabis use as a percentage of the population aged 15–64 who have used the drug in the last year.
Classic:
Type in answers that appear in a list
Quiz Source
Last Updated: Feb 16, 2017
Quiz Scoreboard
CHALLENGE
Sign Up to Join the Scoreboard
Show All
Scores
Hide
Comments
May contain spoilers
Recently Published
Popular People in 1961
by mucciniale
History
6m
1-10 Letter E Words III
by El_Dandy
Language
2m
One Thing in Common: World Cities II
by knightlancer
Geography
7m
More to Explore
Quiz From the Vault
Featured Blog Post
Where Did the Easter Bunny Come From?
hide this ad
You Might Also Like...
Tags
Country Quiz
Drug
marijuana
Top 20
Today's Top Quizzes in Geography
Browse Geography
hide this ad
Today's Top Quizzes in Country
Browse Country
Top Contributed Quizzes in Geography
1
Countries of the World - No Outlines Minefield
2
Top 25 Cities of France on a map
3
African Flag Reveal XLV
4
Closest Countries to UK A-Z
5
Blind Secret Country CLXXXVIII
6
Find the US States - No Outlines
7
One Thing in Common: Asia
8
One Thing in Common: United Kingdom
9
One Thing in Common: Geography
10
One Thing in Common: Around the World
Explore More
Trending Topics
Kpop
NBA
Anime
Disney
Marvel
Harry Potter
Crossword
WWE
Soccer
Country
The Office
NFL
Song
Pokémon
Puzzle
hide this ad
More By:
paulio_ham
Quiz
Plays
Rating
Category
Featured
Created
World cities with most Americans
4,226
4.50
Geography
Apr 21, 2011
U.S. Foreign Aid: Top Countries
3,839
4.41
Geography
May 9, 2010
London-Foreign Born Population
3,704
3.87
Geography
Jul 29, 2010
Countries with biggest slum populations
2,473
4.24
Geography
Nov 21, 2010
BRITS ABROAD!
2,462
4.52
Geography
May 31, 2010
Go to Creator's Profile
Score Distribution
Quiz Creator Spotlight
paulio_ham
Follow
Send a Message
Quizzes Created
-
Created Quiz Play Count
-
More By This Creator
Popular Quizzes Today
1
Find the US States - No Outlines Minefield
2
The Countries of the World
3
Find the Countries of Europe - No Outlines Minefield
4
Popular People in 1961
5
1-10 Letter E Words III
6
Find the US States
7
One Thing in Common: World Cities II
8
US States
More Geography Quizzes
'K' Countries on a Map
Published
Trending Quizzes
Risky Map Clicking: Least Populous States A-Z
1-10 Letter F Words
1-10 Letter G Words
One Thing in Common: United Kingdom
Risky Map Clicking: Next State Alphabetically
Recently Updated
Leaping Animals
pecheneg
Reality TV Shows (A-Z)
bhenderson79
Rickey Henderson's Hall of Fame Teammates
pecheneg
Champions League XIs: Arsenal
pecheneg
Quick Pick: Celebrities in WWE's Hall of Fame
aduchscher
A-Z Keypad Blitz II
pecheneg
Multiple Oscar Actors
pecheneg
Mystery Phrase Blitz: Oscar 'Best Actors'
pecheneg
F. Scott Fitzgerald Novels
LTH
Pick 3 Villains
ddd62291
Trending Topics
NBA
Anime
Crossword
Marvel
Disney
Harry Potter
Kpop
Pokémon
The Office
WWE
Puzzle
Song
Country
Soccer
NFL
Your Account Isn't Verified!
In order to create a playlist on Sporcle, you need to verify the email address you used during registration. Go to your
Sporcle Settings
to finish the process.
Report this User
Report this user for behavior that violates our
Community Guidelines
.
Details:
Send Report
Go to the Sporcle.com Mobile Site →
Comments